| 000 | 00415nam a22001457a 4500 | ||
|---|---|---|---|
| 020 | _qPB. | ||
| 040 | _cFIZZA ISHAQ | ||
| 082 |
_a420.24 _bLIN |
||
| 100 |
_aBUTLER,LINDA. _9134278 |
||
| 245 |
_aGRAMMAR LINKS 1: A THEME BASED COURSE FOR REFERENCE AND PRACTICE / _cLINDA BUTLER. |
||
| 250 | _a2nd ED. | ||
| 260 |
_aNEW YORK ; _bHOUGHTON MIFFLIN COMPANY, _c2005. |
||
| 300 |
_a442 P. ; _c11.2X8.8IN |
||
| 942 |
_2ddc _cBK |
||
| 999 |
_c617251 _d617251 |
||